000 00645nam a22002057a 4500
003 OSt
005 20260112041537.0
008 260112b |||||||| |||| 00| 0 eng d
020 _a0673110317
040 _aDWCL - Main
_cOC
082 _aCirc. 371.7 R5 1981
100 _aRichmond, Julius B.
_eAuthor
245 _aYou and your health :
_bschool, home, community /
_cJulius B. Richmond & Elenore T. Pounds
260 _aU.S.A.:
_bForesman and Company,
_cc1981
300 _a216 p.:
_bill.;
_c21 cm.
504 _aIncludes index and glossary.
650 _a1. Health.
700 _aI. Pounds, Elenore T.
_eAuthor
942 _2ddc
_cBK-CIRC
_n0
999 _c7271
_d7271